Review of disability evaluation study design (Record no. 178040)
[ view plain ]
| 000 -LEADER | |
|---|---|
| fixed length control field | 01771nam a2200361Ia 4500 |
| 082 04 - DEWEY DECIMAL CLASSIFICATION NUMBER | |
| Classification number | 616.07/5/072073 |
| 245 00 - TITLE STATEMENT | |
| Title | Review of disability evaluation study design |
| 260 ## - PUBLICATION, DISTRIBUTION, ETC. (IMPRINT) | |
| Place of publication | Washington, D.C. : |
| Name of publisher | National Academy Press, |
| Year of publication | 1999. |
| 300 ## - PHYSICAL DESCRIPTION | |
| Number of Pages | viii, 30 p. |
| 505 0# - FORMATTED CONTENTS NOTE | |
| Formatted contents note | 1. Introduction -- 2. Overview of the disability evaluation study -- 3. Committee reactions -- 4. Concluding comments -- References -- Appendix -- Acronyms and abbreviations -- Biographical sketches of committee members. |
| 650 #0 - SUBJECT ADDED ENTRY--TOPICAL TERM | |
| Topical Term | Disability evaluation |
| Topical Term | Disability insurance |
| Topical Term | Supplemental security income program |
| 700 1# - ADDED ENTRY--PERSONAL NAME | |
| Personal name | Wunderlich, Gooloo S. |
| Personal name | Kalsbeek, William D., |
| 856 40 - ELECTRONIC LOCATION AND ACCESS | |
| Uniform Resource Identifier | http://site.ebrary.com/lib/rucke/Doc?id=10055553 |
No items available.
